The 4-H and FFA encyclopedia : Farming encyclopedias/ by Kerry Dinmont.
This title lets readers discover information about the 4-H and FFA organizations. Along with the history of 4-H and FFA traditions, readers will learn about the organizations’ members, their activities, and different agricultural projects. Features include a glossary and additional resources.
Record details
- ISBN: 1098294335
- ISBN: 9781098294335
- Physical Description: 192 pages : color illustrations ; 24 cm.
- Publisher: Minneapolis, MN : Encyclopedias, an imprint of Abdo Reference, a division of ABDO, [2024]
Content descriptions
| Bibliography, etc. Note: | Includes bibliographical references (page 189) and index. |
| Formatted Contents Note: | Intro -- Table of Contents -- The Next Generation of Farmers -- 4-H -- The History of 4-H -- The People of 4-H -- The Structure of 4-H -- 4-H Programs -- 4-H Influence -- Joining 4-H -- FFA -- The History of FFA -- The People of FFA -- The Structure of FFA -- FFA Programs -- FFA Influence -- Joining FFA -- Glossary -- To Learn More -- Index -- Photo Credits -- Credits |
Search for related items by subject
| Genre: | Juvenile works Encyclopedias. Nonfiction |
Search for related items by series
Available copies
- 1 of 1 copy available at scottsboropl.
Holds
- 0 current holds with 1 total copy.
Show All Copies
| Location | Call Number / Copy Notes | Barcode | Shelving Location | Status | Due Date |
|---|---|---|---|---|---|
| scottsboropl | J 630.6 Din | 32269001265803 | Juvenile - NonFiction | Available | - |
| LDR | 02520cam a2200469 i 4500 | ||
|---|---|---|---|
| 001 | 164782 | ||
| 003 | SBPL | ||
| 005 | 20241023115101.0 | ||
| 008 | 240706t20242025mnua j b 001 0 eng d | ||
| 020 | . | ‡a1098294335 ‡q(library binding) | |
| 020 | . | ‡a9781098294335 ‡q(library binding) | |
| 035 | . | ‡a(OCoLC)1443763214 | |
| 050 | 0 | 4. | ‡aS533 ‡b.D565 2024 |
| 082 | 0 | 4. | ‡a630.62 ‡223/eng/20240819 |
| 100 | 1 | . | ‡aDinmont, Kerry, ‡d1982-: ‡eauthor. |
| 245 | 1 | 4. | ‡aThe 4-H and FFA encyclopedia : ‡bFarming encyclopedias/ ‡cby Kerry Dinmont. |
| 264 | 1. | ‡aMinneapolis, MN : ‡bEncyclopedias, an imprint of Abdo Reference, a division of ABDO, ‡c[2024] | |
| 300 | . | ‡a192 pages : ‡bcolor illustrations ; ‡c24 cm. | |
| 336 | . | ‡atext ‡btxt ‡2rdacontent | |
| 336 | . | ‡astill image ‡bsti ‡2rdacontent | |
| 337 | . | ‡aunmediated ‡bn ‡2rdamedia | |
| 338 | . | ‡avolume ‡bnc ‡2rdacarrier | |
| 490 | 1 | . | ‡aFarming encyclopedias |
| 504 | . | ‡aIncludes bibliographical references (page 189) and index. | |
| 505 | 0 | . | ‡aIntro -- Table of Contents -- The Next Generation of Farmers -- 4-H -- The History of 4-H -- The People of 4-H -- The Structure of 4-H -- 4-H Programs -- 4-H Influence -- Joining 4-H -- FFA -- The History of FFA -- The People of FFA -- The Structure of FFA -- FFA Programs -- FFA Influence -- Joining FFA -- Glossary -- To Learn More -- Index -- Photo Credits -- Credits |
| 520 | . | ‡aThis title lets readers discover information about the 4-H and FFA organizations. Along with the history of 4-H and FFA traditions, readers will learn about the organizations’ members, their activities, and different agricultural projects. Features include a glossary and additional resources. | |
| 610 | 2 | 0. | ‡a4-H ‡vJuvenile literature. |
| 610 | 2 | 0. | ‡aFuture Farmers of America ‡vJuvenile literature. |
| 650 | 0. | ‡a4-H clubs ‡zUnited States ‡xHistory ‡vJuvenile literature. | |
| 650 | 0. | ‡aAgricultural education ‡zUnited States ‡vJuvenile literature. | |
| 650 | 0. | ‡aAgricultural extension work ‡zUnited States ‡vJuvenile literature. | |
| 650 | 0. | ‡aFarms | |
| 650 | 6. | ‡aScience | |
| 655 | 7. | ‡aJuvenile works | |
| 655 | 7. | ‡aEncyclopedias. ‡2lcgft | |
| 655 | 7. | ‡aNonfiction | |
| 830 | 0. | ‡aFarming encyclopedias. | |
| 901 | . | ‡a164782 ‡bAUTOGEN ‡c164782 ‡tbiblio | |